00337nam a2200109Ia 450000500170000000800410001710000200005824500920007826000220017030000110019265000240020320260326235442.0260326s9999||||xx |||||||||||||| ||und|| aImhoff, Daniel  0aPaper or plastic :b Searching for solutions to an overpackaged World /cDaniel Imhoff bSierra Club Books a168 p. aDISEÑO INDUSTRIAL